|
|
|
|
| LEADER |
02903nam a2200349 i 4500 |
| 001 |
44222 |
| 003 |
BD-DhAAL |
| 005 |
20250313100320.0 |
| 008 |
250312t2021 nyua b 001 0 eng d |
| 010 |
|
|
|a 2021010071
|
| 020 |
|
|
|a 9780593241318
|
| 020 |
|
|
|z 9780593241332
|
| 040 |
|
|
|a DLC
|b eng
|e rda
|c DLC
|d DLC
|d BD-DhAAL
|
| 042 |
|
|
|a pcc
|
| 050 |
0 |
0 |
|a QR181
|b .D47 2021
|
| 082 |
0 |
0 |
|a 616.079
|2 23
|
| 100 |
1 |
|
|a Dettmer, Philipp,
|e author.
|9 57958
|
| 245 |
1 |
0 |
|a Immune :
|b a journey into the mysterious system that keeps you alive /
|c Philipp Dettmer.
|
| 250 |
|
|
|a First edition.
|
| 260 |
|
|
|a New York :
|b Random House,
|c c2021.
|
| 300 |
|
|
|a xviii, 341 pages :
|b color illustrations ;
|c 24 cm
|
| 504 |
|
|
|a Includes bibliographical references (page 317) and index.
|
| 520 |
|
|
|a "Although everyone who has ever had a cold is familiar with the human immune system and its importance, few understand just how complex and intricate the immune system is. In Immune, Internet creator and storyteller Philipp Dettmer takes readers on a journey through the fortress of the human body and its defenses. There is a constant battle raging just under our skin, full of stories of invasion, strategy, defeat, and noble self-sacrifice. In fact, in the time you've been reading this, your immune system has identified and eradicated multiple cancer cells that started to grow in your body. Enlivened by engaging full-color graphics and immersive descriptions, Immune turns one of the most intricate, interconnected, and pervasive subjects in biology--immunology--into a gripping adventure through an alien landscape. Touching on our body's defenses, the types of adversaries we face (including a chapter on the coronavirus), and the grave consequences of immune malfunction, Immune is a vital crash course in what is arguably, and increasingly, the most important system in the body"--
|
| 526 |
|
|
|a MNS
|x Nadia Sultana Deen, PhD
Associate professor
Department of Mathematics and Natural Sciences
Course Name and No. : Medical Microbiology (MIC 204) ; MIC 300
Course Name and No. :
|
| 541 |
|
|
|a Trim Education
|e 44222, 44223
|
| 650 |
|
0 |
|a Immune system.
|
| 650 |
|
0 |
|a Immunology.
|
| 852 |
|
|
|a Ayesha Abed Library
|c General Stacks
|
| 942 |
|
|
|2 ddc
|c BK
|
| 999 |
|
|
|c 47225
|d 47225
|
| 952 |
|
|
|0 0
|1 0
|2 ddc
|4 0
|6 616_079000000000000_DET
|7 0
|9 77461
|a BRACUL
|b BRACUL
|c GEN
|d 2025-03-11
|e Trim Education
|g 4000.00
|l 5
|m 19
|o 616.079 DET
|p 3010044223
|q 2026-05-04
|r 2026-04-18
|s 2026-04-18
|t 2
|v 4000.00
|w 2025-03-11
|y BK
|x Requisitioned by Nadia Sultana Deen for the course named - "Medical Microbiology (MIC 204) ; MIC 300".
|
| 952 |
|
|
|0 0
|1 0
|2 ddc
|4 0
|6 616_079000000000000_DET
|7 0
|9 77462
|a BRACUL
|b BRACUL
|c GEN
|d 2025-03-11
|e Trim Education
|g 4000.00
|l 3
|m 41
|o 616.079 DET
|p 3010044222
|q 2026-06-02
|r 2026-02-05
|s 2026-02-05
|t 1
|v 4000.00
|w 2025-03-11
|y BK
|x Requisitioned by Nadia Sultana Deen for the course named - "Medical Microbiology (MIC 204) ; MIC 300".
|